NR latex ideal for making condoms (Record no. 64150)

MARC details
000 -LEADER
fixed length control field 00414nam a2200169Ia 4500
100 ## - MAIN ENTRY--AUTHOR NAME
Personal name Sebastian M Sunny
245 #0 - TITLE STATEMENT
Title NR latex ideal for making condoms
260 ## - PUBLICATION, DISTRIBUTION, ETC. (IMPRINT)
Name of publisher Rubber Asia
Year of publication 2015
300 ## - PHYSICAL DESCRIPTION
Number of Pages 82-90
500 ## - GENERAL NOTE
General note Source Year: 2015
650 ## - SUBJECT ADDED ENTRY--TOPICAL TERM
Topical Term Condoms
650 ## - SUBJECT ADDED ENTRY--TOPICAL TERM
Topical Term Latex compound
650 ## - SUBJECT ADDED ENTRY--TOPICAL TERM
Topical Term NR latex
650 ## - SUBJECT ADDED ENTRY--TOPICAL TERM
Topical Term Rubber Chemicals
942 ## - ADDED ENTRY ELEMENTS (KOHA)
Koha item type Journals
Holdings
Withdrawn status Lost status Damaged status Not for loan Home library Current library Shelving location Date acquired Serial Enumeration / chronology Koha item type
      Journals RRII Library RRII Library Rubber technology 17/12/2021 Volume 30, Issue 5 Journals